000 nam a22 7a 4500
999 _c49331
_d49331
003 OSt
005 20191123141116.0
008 191123b xxu||||| |||| 00| 0 eng d
040 _cSERO SOFT
100 _aAIR
245 _aALL INDIA REPORTER
260 _aNAGPUR
_bNAGPUR PVT
300 _a240
942 _2ddc
_c01